Computers and information systems (Record no. 79692)

MARC details
000 -LEADER
fixed length control field 01384nam a2200253 a 4500
008 - FIXED-LENGTH DATA ELEMENTS--GENERAL INFORMATION
fixed length control field 080109s1984 ||||||||||||||||| || u
020 ## - INTERNATIONAL STANDARD BOOK NUMBER
International Standard Book Number 0070238073
050 ## - LIBRARY OF CONGRESS CALL NUMBER
Classification number QA 76 Gor
100 ## - MAIN ENTRY--PERSONAL NAME
Personal name Stubbe, John
245 10 - TITLE STATEMENT
Title Computers and information systems
250 ## - EDITION STATEMENT
Edition statement 2nd ed.
260 ## - PUBLICATION, DISTRIBUTION, ETC.
Place of publication, distribution, etc. New York:
Name of publisher, distributor, etc. McGraw-Hill
Date of publication, distribution, etc. 1984
300 ## - PHYSICAL DESCRIPTION
Extent xix, 504p.: ill.
350 ## -
-- 0.00
500 ## - GENERAL NOTE
General note Previously published as: Computers and data processing. -Includes index. -Bibliography: p. 390-391.
650 #0 - SUBJECT ADDED ENTRY--TOPICAL TERM
Topical term or geographic name entry element ELECTRONIC DATA PROCESSING
650 ## - SUBJECT ADDED ENTRY--TOPICAL TERM
Topical term or geographic name entry element ELECTRONIC DIGITAL COMPUTERS
700 ## - ADDED ENTRY--PERSONAL NAME
Personal name Gore, Marvin R
995 ## -
-- MAIN LIBRARY OPEN ACCESS
-- 0.00
-- 718905
-- CBU-MAIN LIBRARY (Kitwe)
-- 4
-- 39.00
-- QA 76 Gor
-- 4
-- LOST
-- 100882
-- Main Library Open Access Collection
995 ## -
-- MAIN LIBRARY OPEN ACCESS
-- 0.00
-- 709357
-- CBU-MAIN LIBRARY (Kitwe)
-- 1
-- 39.00
-- QA 76 Gor
-- 3
-- LOST
-- 026824
-- Main Library Open Access Collection
995 ## -
-- MAIN LIBRARY OPEN ACCESS
-- 0.00
-- 722811
-- CBU-MAIN LIBRARY (Kitwe)
-- 3
-- 39.00
-- QA 76 Gor
-- 2
-- AVAILABLE
-- 010883
-- Main Library Open Access Collection
995 ## -
-- BINDERY (DAMAGED)
-- 0.00
-- 709356
-- CBU-MAIN LIBRARY (Kitwe)
-- 1
-- 0.00
-- QA 76 Gor
-- DAMAGED
-- Jun 2, 2009
-- 709356
-- Main Library Open Access Collection
995 ## -
-- BINDERY (DAMAGED)
-- 0.00
-- 718906
-- CBU-MAIN LIBRARY (Kitwe)
-- 2
-- 39.00
-- QA 76 Gor
-- 1
-- DAMAGED
-- 008094
-- Main Library Open Access Collection
999 ## -
-- 79692
-- 79692
Holdings
Withdrawn status Lost status Source of classification or shelving scheme Damaged status Not for loan Permanent Location Current Location Shelving location Date acquired Total Checkouts Full call number Barcode Date last seen Copy number Price effective from Koha item type
          CBU-MAIN LIBRARY, KITWE. CBU-MAIN LIBRARY, KITWE.   06/29/2023   QA 76 Gor 100882 06/29/2023 1 06/29/2023 MONOGRAPH
          CBU-MAIN LIBRARY, KITWE. CBU-MAIN LIBRARY, KITWE.   06/29/2023   QA 76 Gor 026824 06/29/2023 2 06/29/2023 MONOGRAPH
          CBU-MAIN LIBRARY, KITWE. CBU-MAIN LIBRARY, KITWE.   06/29/2023   QA 76 Gor 010883 06/29/2023 3 06/29/2023 MONOGRAPH
          CBU-MAIN LIBRARY, KITWE. CBU-MAIN LIBRARY, KITWE.   06/29/2023   QA 76 Gor 709356 06/29/2023 4 06/29/2023 MONOGRAPH
          CBU-MAIN LIBRARY, KITWE. CBU-MAIN LIBRARY, KITWE.   06/29/2023   QA 76 Gor 008094 06/29/2023 5 06/29/2023 MONOGRAPH